Anyag, kivitelező, kölcsön
Elmentve itt :
| Szerző: | |
|---|---|
| Dokumentumtípus: | Cikk |
| Megjelent: |
1967-09-23
|
| Sorozat: | Délmagyarország
57 |
| Kulcsszavak: | Lakásépítkezés Szeged 1967, építőipar |
| Online Access: | http://dmarchiv.bibl.u-szeged.hu/66207 |
| LEADER | 00475nab a2200157 i 4500 | ||
|---|---|---|---|
| 001 | delm66207 | ||
| 005 | 20180927153717.0 | ||
| 008 | 180927s1967 hu o 0|| hun d | ||
| 040 | |a SZTE Délmagyarország Archívum |b hun | ||
| 041 | |a hun | ||
| 100 | 1 | |a Kondorosi János | |
| 245 | 1 | 0 | |a Anyag, kivitelező, kölcsön |h [elektronikus dokumentum] / |c Kondorosi János |
| 260 | |c 1967-09-23 | ||
| 300 | |a 5 | ||
| 490 | 0 | |a Délmagyarország |v 57 | |
| 695 | |a Lakásépítkezés Szeged 1967, építőipar | ||